000 00507nam a2200193Ia 4500
005 20250923145000.0
008 008 250917s9999 xx 000 0 eng d
037 _aTextual
040 _aDSWL
_beng
_cDSWL
041 _aeng
_2eng
084 _qDSWL
100 _aZutshi, C.N.
_9830543
245 0 _aEminent pioneers of social reform
_cby C.N. Zutshi
260 _aDelhi
_bLaxmi Press
_c1934
365 _aINR
_b1.50
925 _g1.50
942 _cTEXL
999 _c1445668
_d1445668